000 00523nmm a2200181Ia 4500
008 251105s9999||||xx |||||||||||||||||und||
020 _a9788418870330
041 _aspa
100 _aWendig, Chuck
245 0 _aEl libro de los accidentes
264 _a[Madrid, España] :
_bRoca Editorial,
_c[Fecha de publicación no identificada]
300 _a0 páginas
650 _aNarrative
700 _aWendig, Chuck
700 1 _a Tejera, David
856 _uhttps://public.digitaliapublishing.com/a/123999
942 _cCF
999 _c72553
_d72553